000 00437nam a2200157 i 4500
001 67931
003 ES-MaACL
005 20230906170156.0
007 t|
008 040216s1931 fr ||||1| fre d
100 1 _aGallego Herrera, Fernando.
_953571
245 1 2 _aL'arc funiculaire /
_cFernando Gallego Herrera.
260 _aParis :
_b[s.n.,
_c1931] (
_eTours :
_fArrault)
300 _a66 p. ;
_c24 cm.
852 _aES-MaACL
_j1750-F-14
999 _c67931
_d67931